| 000 | 00346nam a2200133Ia 4500 | ||
|---|---|---|---|
| 005 | 20251222154319.0 | ||
| 008 | 251222s9999||||xx |||||||||||||| ||spa|| | ||
| 020 | _a8488746393 | ||
| 082 | _a615.5/R31 | ||
| 245 | 0 | _aCómo Curar Molestias Cotidianas de Forma Natural | |
| 250 | _a1ra. ed. | ||
| 264 | _bReader´s Digest Association | ||
| 942 | _cLIB | ||
| 999 |
_c33692 _d33692 |
||